00482nam a2200181Ia 450000500170000000800410001702000230005804000190008104100120010008200130011210000180012524500450014326000510018830000100023950400260024965000150027585000100029020220930133312.0131103s9999 xx 000 0 und d a8176487805cRs 695 aLoreto College aEnglish a150bMAH aMahmud, Jafar aIntroduction to PsychologycJafar Mahmud aNew DelhibA.P.H. Publishing Corporationc2004 a315p  aIncludes bibliography aPsychology aLCLIB